000 00533nam a2200193Ia 4500
005 20260120130135.0
008 008 260114s9999 xx 000 0 eng d
020 _a9780191868191
037 _aEBOOK
040 _aCRL
_beng
_cCRL
041 _aeng
_2eng
084 _qCRL
100 _aRaylor
_9911493
245 0 _aPhilosophy, Rhetoric, and Thomas Hobbes
260 _bOUPOxford University Press
_c2018
856 _uhttp://dx.doi.org/10.1093/oso/9780198829690.001.0001
942 _cEBOOK
999 _c1503392
_d1503392